000 01636cam a22004574i 4500
003 PE-LiUPU
005 20250731173134.0
008 150623s r 000 0 d
020 _a0856482900
035 _a(Sirsi) i9780856482908
040 _aPE-LiUPU
_bspa
_cPE-LiUPU
_erda
049 _aPRUA
082 0 4 _a241.5
_bF49
_221
100 1 _aField, David,
_d1936-,
_eautor.
245 1 0 _aReal questions /
_cDavid Field.
264 1 _aEngland :
_bLion Publishing,
_c1984.
300 _a96 páginas :
_bilustraciones fotos, gráficos ;
_c24 centímetros
336 _atext
_2rdacontent
337 _aunmediated
_2rdamedia
338 _avolume
_2rdacarrier
505 0 _aLife questions: Choosing right from wrong. Equality. Life and death. Work and leisure. Money. Sex. Freedom. Violence. Faith questions: Does god exist?. What is God like. Is God involved. A personal faith.
526 _aSEG42
526 _aSEG41
526 _aSEG40
526 _aSEG39
526 _aP94
526 _aP87
526 _aP86
526 _aP85
526 _aP77
526 _aP76
526 _aP35
650 0 4 _aEtica cristiana.
_91047
650 0 4 _aViolencia
_xReferencias.
942 _2ddc
_cBOOK
949 _a241.5 F49
_wDEWEY
_c1
_i52002
_lCCODEBUL1
_mBUL
_p7.00
_r0
_sY
_tBOOK
_u2015-6-24
_xTEOLOGIA
_zUNKNOWN
_0COMPRA
_o.STAFF. Colección General
994 _aC0
_bPEPRU
596 _a1
999 _a241.5 F49
_wDEWEY
_c33808
_i52002
_f2021-11-11
_g5
_lCCODEBUL1
_mBUL
_p7.00
_r0
_sY
_tBOOK
_u2015-6-24
_xTEOLOGIA
_zUNKNOWN
_0COMPRA
_o.STAFF. Colección General
_d33808
980 _81
_gALBERTO SANCHEZ Responsable de Automatización